000 01358nam a2200337Ia 4500
001 ebr10290038
003 CaPaEBR
006 m u
007 cr cn|||||||||
008 081104s2009 dcu s 000 0 eng d
020 _z9780821372173 (soft cvr.)
020 _z0821372173 (soft cvr.)
020 _z9780821372159
020 _z0821372157
040 _aCaPaEBR
_cCaPaEBR
035 _a(OCoLC)549601461
050 1 4 _aHC79.P6
_bN372 2009eb
245 0 0 _aMoving out of poverty.
_nVolume 2,
_pSuccess from the bottom up
_h[electronic resource] /
_cDeepa Narayan, Lant Pritchett and Soumya Kapoor.
260 _aWashington, D.C. :
_bWorld Bank,
_cc2009.
300 _axxv, 428 p.
533 _aElectronic reproduction.
_bPalo Alto, Calif. :
_cebrary,
_d2013.
_nAvailable via World Wide Web.
_nAccess may be limited to ebrary affiliated libraries.
650 0 _aPoverty
_zDeveloping countries.
650 0 _aSocial mobility
_xEconomic aspects
_zDeveloping countries.
650 0 _aMigrant labor
_zDeveloping countries
_xEconomic conditions.
655 7 _aElectronic books.
_2local
700 1 _aNarayan-Parker, Deepa.
700 1 _aPritchett, Lant.
700 1 _aKapoor, Soumya.
710 2 _aebrary, Inc.
856 4 0 _uhttp://site.ebrary.com/lib/rucke/Doc?id=10290038
_zAn electronic book accessible through the World Wide Web; click to view
999 _c72906
_d72906